Statistics for Countries that border Brazil

Click here to take the quiz!

General Stats

  • This quiz has been taken 20 times
  • The average score is 9 of 10

Answer Stats

Answer % Correct
Argentina
100%
Bolivia
100%
France
93%
Paraguay
93%
Peru
93%
Uruguay
93%
Venezuela
93%
Guyana
87%
Suriname
87%
Columbia
40%

Score Distribution

Percentile by Number Answered

Percent of People with Each Score

Your Score History

You have not taken this quiz